[Event "HUN-chT2 Charousek 1819"]
[Site "Hungary"]
[Date "2019.02.24"]
[Round "8.7"]
[White "Ladanyi, Zsolt"]
[Black "Nemeth, Denes"]
[Result "1/2-1/2"]
[WhiteElo "2118"]
[BlackElo "2235"]
[PlyCount "48"]
[EventDate "2018.09.23"]
[EventType "team-tourn"]
[EventRounds "11"]
[EventCountry "HUN"]
[SourceTitle "CBM 189 Extra"]
[Source "ChessBase"]
[SourceDate "2019.06.03"]
[SourceVersion "1"]
[SourceVersionDate "2019.06.03"]
[SourceQuality "1"]
[WhiteTeam "Aquaprofit Nagykanizsa II"]
[BlackTeam "Haladas Szombathely II"]
[WhiteTeamCountry "HUN"]
[BlackTeamCountry "HUN"]

1. e4 c5 2. Nf3 d6 3. d4 cxd4 4. Nxd4 Nf6 5. Nc3 g6 6. Be2 Bg7 7. Be3 0-0 8. 0-0 Nc6 9. f3 Bd7 10. Qd2 Rc8 11. Nxc6 Bxc6 12. Nd5 Nxd5 13. exd5 Ba4 14. c3 Qa5 15. Rfe1 Rfe8 16. Rac1 Bd7 17. f4 b5 18. a3 a6 19. Bd3 Qc7 20. Qf2 Qb7 21. Rcd1 a5 22. Bd4 Bxd4 23. Qxd4 Rc5 24. Bf1 Rc7 1/2-1/2

[Event "HUN-chT2 Charousek 1819"]
[Site "Hungary"]
[Date "2018.12.02"]
[Round "5.8"]
[White "Ladanyi, Zsolt"]
[Black "Balogh, Peter1111"]
[Result "0-1"]
[WhiteElo "2118"]
[BlackElo "2049"]
[PlyCount "68"]
[EventDate "2018.09.23"]
[EventType "team-tourn"]
[EventRounds "11"]
[EventCountry "HUN"]
[SourceTitle "CBM 189 Extra"]
[Source "ChessBase"]
[SourceDate "2019.06.03"]
[SourceVersion "1"]
[SourceVersionDate "2019.06.03"]
[SourceQuality "1"]
[WhiteTeam "Aquaprofit Nagykanizsa II"]
[BlackTeam "Gyor Szechenyi"]
[WhiteTeamCountry "HUN"]
[BlackTeamCountry "HUN"]

1. e4 g6 2. d4 Bg7 3. Nc3 d6 4. f4 a6 5. Nf3 b5 6. a3 Bb7 7. Be3 Nd7 8. Qd2 e5 9. 0-0-0 Ngf6 10. d5 exf4 11. Bxf4 0-0 12. Bg5 b4 13. axb4 a5 14. b5 a4 15. Nb1 Qb8 16. Bd3 a3 17. bxa3 Nc5 18. Be3 Nfxe4 19. Bxe4 Nxe4 20. Qb4 Nf6 21. c4 Ng4 22. Bd4 Bh6+ 23. Kb2 Ne3 24. Rdg1 Bc8 25. Qc3 Nxd5 26. Qd3 Nb6 27. Nbd2 Be6 28. h4 Bg7 29. h5 Na4+ 30. Kc1 Nc5 31. Qc3 Bxd4 32. Nxd4 Qa7 33. Nc2 Bf5 34. Nb1 Nd3+ 0-1

[Event "Harkany Tenkes Cup 42nd"]
[Site "Harkany"]
[Date "2018.11.29"]
[Round "8"]
[White "Leszko, Bence"]
[Black "Ladanyi, Zsolt"]
[Result "0-1"]
[WhiteElo "2049"]
[BlackElo "2125"]
[PlyCount "132"]
[EventDate "2018.11.23"]
[EventType "swiss"]
[EventRounds "9"]
[EventCountry "HUN"]
[SourceTitle "CBM 187 Extra"]
[Source "ChessBase"]
[SourceDate "2018.11.04"]
[SourceVersion "1"]
[SourceVersionDate "2018.11.04"]
[SourceQuality "1"]

1. e4 c5 2. Nf3 Nc6 3. Bb5 g6 4. Bxc6 dxc6 5. 0-0 Bg7 6. d3 Nf6 7. h3 Nd7 8. Nc3 e5 9. Be3 b6 10. Nh2 Nf8 11. f4 exf4 12. Bxf4 g5 13. Be3 Ng6 14. Qh5 h6 15. Rxf7 Kxf7 16. Rf1+ Kg8 17. Qxg6 Bd7 18. Rf7 Rh7 19. Ng4 Bxg4 20. hxg4 Qe8 21. Rf6 Qxg6 22. Rxg6 Rc8 23. d4 Kf7 24. Rd6 cxd4 25. Bxd4 Bxd4+ 26. Rxd4 Ke6 27. g3 Rf7 28. Kg2 Rcf8 29. Rd2 Ke5 30. Nd1 Kxe4 31. Re2+ Kd5 32. Ne3+ Kc5 33. Nf5 Rxf5 34. gxf5 Rxf5 35. a3 a5 36. Re3 Kd6 37. Re8 Rb5 38. b3 Rc5 39. Re2 Rc3 40. Kf2 b5 41. g4 a4 42. bxa4 bxa4 43. Ke1 Rxa3 44. Rh2 Rg3 45. Rxh6+ Kc5 46. Kd2 Rxg4 47. Kc3 Rg3+ 48. Kb2 g4 49. Rg6 Rg1 50. Ka2 g3 51. Kb2 g2 52. Ka2 Kd4 53. c3+ Kd3 54. Kb2 a3+ 55. Ka2 c5 56. Rg3+ Kc2 57. c4 Kd2 58. Rg5 Kd3 59. Rg4 Kc3 60. Rg3+ Kxc4 61. Rg4+ Kd3 62. Rg8 c4 63. Rd8+ Kc2 64. Rg8 c3 65. Rg3 Kd1 66. Kb3 c2 0-1

[Event "Harkany Tenkes Cup 42nd"]
[Site "Harkany"]
[Date "2018.11.28"]
[Round "7"]
[White "Ladanyi, Zsolt"]
[Black "Sereinig, Eduard"]
[Result "1-0"]
[WhiteElo "2125"]
[BlackElo "2073"]
[PlyCount "85"]
[EventDate "2018.11.23"]
[EventType "swiss"]
[EventRounds "9"]
[EventCountry "HUN"]
[SourceTitle "CBM 187 Extra"]
[Source "ChessBase"]
[SourceDate "2018.11.04"]
[SourceVersion "1"]
[SourceVersionDate "2018.11.04"]
[SourceQuality "1"]

1. e4 d6 2. d4 Nf6 3. Nc3 g6 4. f4 Bg7 5. Nf3 0-0 6. Bd3 c5 7. dxc5 dxc5 8. e5 Nd5 9. Nxd5 Qxd5 10. Qe2 Bf5 11. Bxf5 gxf5 12. 0-0 Nc6 13. Rd1 Qe4 14. Qxe4 fxe4 15. Ng5 Nd4 16. c3 Nc2 17. Rb1 e3 18. Kf1 Bh6 19. Ke2 Bxg5 20. fxg5 Rad8 21. Bxe3 Nxe3 22. Kxe3 Kg7 23. Ke4 Kg6 24. h4 Rfe8 25. g3 b6 26. a4 f6 27. gxf6 exf6 28. Rxd8 Rxd8 29. exf6 Kxf6 30. Rf1+ Kg7 31. Rf2 Rd1 32. a5 Rg1 33. axb6 axb6 34. Kf4 Rb1 35. Rd2 Rf1+ 36. Kg5 h6+ 37. Kg4 Rf6 38. Rd7+ Kg8 39. Rb7 Rg6+ 40. Kh5 Re6 41. g4 Rd6 42. g5 hxg5 43. hxg5 1-0

[Event "Harkany Tenkes Cup 42nd"]
[Site "Harkany"]
[Date "2018.11.27"]
[Round "6"]
[White "Kopta, Jiri"]
[Black "Ladanyi, Zsolt"]
[Result "0-1"]
[WhiteElo "1968"]
[BlackElo "2125"]
[PlyCount "42"]
[EventDate "2018.11.23"]
[EventType "swiss"]
[EventRounds "9"]
[EventCountry "HUN"]
[SourceTitle "CBM 187 Extra"]
[Source "ChessBase"]
[SourceDate "2018.11.04"]
[SourceVersion "1"]
[SourceVersionDate "2018.11.04"]
[SourceQuality "1"]

1. e4 c5 2. Nc3 a6 3. f4 b5 4. b3 Bb7 5. d3 e6 6. Nf3 d5 7. e5 Nc6 8. g3 h5 9. a4 b4 10. Ne2 Nh6 11. Bg2 Be7 12. 0-0 h4 13. Qe1 hxg3 14. Nxg3 c4 15. bxc4 dxc4 16. dxc4 Bc5+ 17. Kh1 Nd4 18. Ne4 Bxe4 19. Qxe4 Nhf5 20. Bh3 Rxh3 21. Kg2 Rxf3 0-1

[Event "Harkany Tenkes Cup 42nd"]
[Site "Harkany"]
[Date "2018.11.24"]
[Round "2"]
[White "Guzs, Laszlo"]
[Black "Ladanyi, Zsolt"]
[Result "1/2-1/2"]
[WhiteElo "1915"]
[BlackElo "2125"]
[PlyCount "76"]
[EventDate "2018.11.23"]
[EventType "swiss"]
[EventRounds "9"]
[EventCountry "HUN"]
[SourceTitle "CBM 187 Extra"]
[Source "ChessBase"]
[SourceDate "2018.11.04"]
[SourceVersion "1"]
[SourceVersionDate "2018.11.04"]
[SourceQuality "1"]

1. Nf3 c5 2. c4 Nc6 3. Nc3 g6 4. g3 Bg7 5. Bg2 e5 6. d3 Nge7 7. 0-0 0-0 8. e4 d6 9. Be3 h6 10. Qd2 Kh7 11. Ne1 a6 12. Nd5 b5 13. b3 Nxd5 14. exd5 Ne7 15. Nc2 Rb8 16. Rae1 bxc4 17. dxc4 f5 18. f3 Bd7 19. Rb1 g5 20. Rfd1 f4 21. Bf2 fxg3 22. hxg3 Bf5 23. b4 cxb4 24. Rxb4 Qa5 25. Rxb8 Qxd2 26. Rxd2 Rxb8 27. Ne3 Bd7 28. Bf1 Bf8 29. c5 dxc5 30. Bxa6 Kg7 31. Bd3 Kf6 32. Kg2 Nc8 33. Nc4 Nd6 34. Nxd6 Bxd6 35. Rc2 Ra8 36. Bc4 Rb8 37. Bb3 Rc8 38. Bc4 Rb8 1/2-1/2

[Event "Harkany Tenkes Cup 42nd"]
[Site "Harkany"]
[Date "2018.11.24"]
[Round "3"]
[White "Ladanyi, Zsolt"]
[Black "Major, Balazs"]
[Result "1-0"]
[WhiteElo "2125"]
[BlackElo "1717"]
[PlyCount "55"]
[EventDate "2018.11.23"]
[EventType "swiss"]
[EventRounds "9"]
[EventCountry "HUN"]
[SourceTitle "CBM 187 Extra"]
[Source "ChessBase"]
[SourceDate "2018.11.04"]
[SourceVersion "1"]
[SourceVersionDate "2018.11.04"]
[SourceQuality "1"]

1. e4 c5 2. c4 Nc6 3. Ne2 e6 4. Nbc3 d6 5. d4 cxd4 6. Nxd4 Be7 7. Be2 Nf6 8. 0-0 0-0 9. Be3 a6 10. f3 d5 11. cxd5 exd5 12. Nxc6 bxc6 13. e5 Nd7 14. f4 Bc5 15. Bxc5 Nxc5 16. b4 Qb6 17. Qd4 Na4 18. Qxb6 Nxb6 19. a4 a5 20. Rfb1 Bf5 21. Rb3 Rfb8 22. bxa5 Rxa5 23. g4 Bc2 24. Rb2 Rc5 25. a5 Nd7 26. Rxb8+ Nxb8 27. a6 Nd7 28. a7 1-0

[Event "Harkany Tenkes Cup 42nd"]
[Site "Harkany"]
[Date "2018.11.23"]
[Round "1"]
[White "Ladanyi, Zsolt"]
[Black "Lukacs, Anna Kata"]
[Result "0-1"]
[WhiteElo "2125"]
[BlackElo "1788"]
[PlyCount "36"]
[EventDate "2018.11.23"]
[EventType "swiss"]
[EventRounds "9"]
[EventCountry "HUN"]
[SourceTitle "CBM 187 Extra"]
[Source "ChessBase"]
[SourceDate "2018.11.04"]
[SourceVersion "1"]
[SourceVersionDate "2018.11.04"]
[SourceQuality "1"]

1. e4 e6 2. d4 d5 3. Nd2 c5 4. Ngf3 Nc6 5. exd5 exd5 6. dxc5 Bxc5 7. Nb3 Bb6 8. Bg5 Nge7 9. Qd2 0-0 10. 0-0-0 Bf5 11. Nfd4 Nxd4 12. Nxd4 Bg6 13. Re1 Bxd4 14. Qxd4 Nc6 15. Qd2 Qb6 16. a3 Rac8 17. Be3 d4 18. Bf4 Na5 0-1

[Event "HUN-chT2 Charousek 1718"]
[Site "Hungary"]
[Date "2018.02.18"]
[Round "6.10"]
[White "Ladanyi, Zsolt"]
[Black "Horvath, Sandor"]
[Result "0-1"]
[WhiteElo "2124"]
[BlackElo "2242"]
[PlyCount "106"]
[EventDate "2017.10.29"]
[EventType "team-tourn"]
[EventRounds "9"]
[EventCountry "HUN"]
[SourceTitle "EXT 2020"]
[Source "ChessBase"]
[SourceDate "2019.10.17"]
[SourceVersion "1"]
[SourceVersionDate "2019.10.17"]
[SourceQuality "1"]
[WhiteTeam "Aquaprofit Nagykanizsa II"]
[BlackTeam "Csuti Hydro"]
[WhiteTeamCountry "HUN"]
[BlackTeamCountry "HUN"]

1. e4 Nc6 2. Nf3 d6 3. d4 Bg4 4. d5 Nb8 5. c4 e5 6. Nc3 Be7 7. h3 Bxf3 8. Qxf3 Bg5 9. Qg3 Bxc1 10. Rxc1 g6 11. c5 a6 12. Be2 Ne7 13. 0-0 0-0 14. cxd6 Qxd6 15. f4 exf4 16. Qxf4 Nd7 17. Qxd6 cxd6 18. Na4 b5 19. Rc7 Rad8 20. Nc3 Rfe8 21. Ra7 Nc5 22. b4 Rd7 23. Rxd7 Nxd7 24. Bf3 Rc8 25. Rc1 Ne5 26. Ne2 Nd3 27. Rxc8+ Nxc8 28. a3 Nb6 29. Nc3 Nc4 30. Be2 Nde5 31. Bxc4 Nxc4 32. a4 bxa4 33. Nxa4 Kg7 34. Kf2 Kf6 35. Ke2 Ke5 36. Kd3 Na3 37. Nb6 Kf4 38. Nd7 Nb5 39. Nb8 Nc7 40. g3+ Kxg3 41. e5 dxe5 42. d6 Ne6 43. Nxa6 Kf3 44. Nc5 Nd8 45. b5 f5 46. d7 e4+ 47. Kc4 e3 48. b6 e2 49. b7 Nxb7 50. Nxb7 e1Q 51. d8Q Qe4+ 52. Kc3 Qxb7 53. Qg5 Qe4 0-1

[Event "HUN-chT2 Charousek 1718"]
[Site "Hungary"]
[Date "2018.01.28"]
[Round "5.9"]
[White "Ladanyi, Zsolt"]
[Black "Acs, Marton"]
[Result "1/2-1/2"]
[WhiteElo "2124"]
[BlackElo "2123"]
[PlyCount "41"]
[EventDate "2017.10.29"]
[EventType "team-tourn"]
[EventRounds "9"]
[EventCountry "HUN"]
[SourceTitle "EXT 2021"]
[Source "ChessBase"]
[SourceDate "2020.10.23"]
[SourceVersion "1"]
[SourceVersionDate "2020.10.23"]
[SourceQuality "1"]
[WhiteTeam "Aquaprofit Nagykanizsa II"]
[BlackTeam "Tapolca Rockwool"]
[WhiteTeamCountry "HUN"]
[BlackTeamCountry "HUN"]

1. e4 e5 2. Nf3 Nc6 3. d4 exd4 4. Bc4 Nf6 5. e5 d5 6. Bb5 Ne4 7. Nxd4 Bd7 8. Bxc6 bxc6 9. 0-0 Bc5 10. c3 Qe7 11. f3 Ng5 12. f4 Ne4 13. Nd2 Nxd2 14. Bxd2 0-0 15. Qh5 f6 16. b4 Bb6 17. Rae1 fxe5 18. fxe5 Be6 19. Be3 Qd7 20. Rxf8+ Rxf8 21. Rf1 1/2-1/2

[Event "HUN-chT2 Charousek 1718"]
[Site "Hungary"]
[Date "2017.11.26"]
[Round "2.11"]
[White "Kresz, Adam"]
[Black "Ladanyi, Zsolt"]
[Result "1/2-1/2"]
[WhiteElo "1988"]
[BlackElo "2115"]
[PlyCount "86"]
[EventDate "2017.10.29"]
[EventType "team-tourn"]
[EventRounds "9"]
[EventCountry "HUN"]
[SourceTitle "EXT 2020"]
[Source "ChessBase"]
[SourceDate "2019.10.17"]
[SourceVersion "1"]
[SourceVersionDate "2019.10.17"]
[SourceQuality "1"]
[WhiteTeam "Komlo Banyasz"]
[BlackTeam "Aquaprofit Nagykanizsa II"]
[WhiteTeamCountry "HUN"]
[BlackTeamCountry "HUN"]

1. e4 c5 2. Nf3 Nc6 3. d4 cxd4 4. Nxd4 Qb6 5. Nb3 Nf6 6. Nc3 e6 7. Be3 Qc7 8. a3 a6 9. Be2 b5 10. 0-0 d6 11. f4 Be7 12. Bf3 Bb7 13. Qe2 0-0 14. Kh1 b4 15. axb4 Nxb4 16. Rac1 d5 17. e5 Nd7 18. Qf2 Rfc8 19. Be2 Nc5 20. Nd4 Ne4 21. Nxe4 dxe4 22. f5 Qxe5 23. fxe6 f6 24. Bf4 Qc5 25. Be3 Nd5 26. Nf5 Nxe3 27. Qxe3 Qxe3 28. Nxe3 Bc5 29. Nf5 Bd5 30. Ng3 Be3 31. Rcd1 Bxe6 32. c3 Bb3 33. Ra1 Bc4 34. Bxc4+ Rxc4 35. Rfe1 Bf2 36. Rxe4 Rc5 37. Ne2 Rb8 38. Nf4 Rc6 39. Nd3 Ba7 40. Re7 Bb6 41. h3 Rd6 42. Nf4 Bd8 43. Re2 Kf7 1/2-1/2

[Event "HUN-chT2 Charousek 1516"]
[Site "Hungary"]
[Date "2015.12.06"]
[Round "4.7"]
[White "Ladanyi, Zsolt"]
[Black "Palla, Gyorgy"]
[Result "1/2-1/2"]
[WhiteElo "2141"]
[BlackElo "2039"]
[PlyCount "90"]
[EventDate "2015.10.18"]
[EventType "team-tourn"]
[EventRounds "9"]
[EventCountry "HUN"]
[SourceTitle "CBM 170 Extra"]
[Source "ChessBase"]
[SourceDate "2016.02.25"]
[SourceVersion "1"]
[SourceVersionDate "2016.02.25"]
[SourceQuality "1"]
[WhiteTeam "Aquaprofit II"]
[BlackTeam "Balatonfuered"]
[WhiteTeamCountry "HUN"]
[BlackTeamCountry "HUN"]

1. e4 c5 2. Nf3 d6 3. c4 Nc6 4. Nc3 e5 5. d3 Be7 6. g3 Bg4 7. Bg2 Nf6 8. h3 Bd7 9. 0-0 Nd4 10. Nxd4 cxd4 11. Ne2 0-0 12. f4 Bc6 13. g4 Nd7 14. b4 a6 15. a4 b5 16. cxb5 axb5 17. a5 Nb6 18. Bd2 Na4 19. Qb3 Rc8 20. Rfc1 Qd7 21. Ng3 g6 22. g5 exf4 23. Bxf4 Qe6 24. Qxe6 fxe6 25. Bd2 Ba8 26. Ne2 e5 27. Rxc8 Rxc8 28. Rc1 Bb7 29. Bf3 Nb2 30. Bg4 Rxc1+ 31. Nxc1 Bc6 32. Be6+ Kf8 33. Kf2 Bd8 34. Ke2 Ke7 35. Bg8 Bd7 36. Bd5 Bxh3 37. Bc6 Bg4+ 38. Ke1 Bd7 39. Bd5 Bc7 40. Kf2 Bb8 41. Ke1 Ba7 42. Ke2 Bg4+ 43. Ke1 Kd7 44. Bb3 Be6 45. Bd5 Bg4 1/2-1/2

[Event "HUN-chT2 Charousek 1516"]
[Site "Hungary"]
[Date "2015.11.29"]
[Round "3.12"]
[White "Ladanyi, Zsolt"]
[Black "Lovasz, Marcell"]
[Result "1-0"]
[WhiteElo "2141"]
[BlackElo "1802"]
[PlyCount "81"]
[EventDate "2015.10.18"]
[EventType "team-tourn"]
[EventRounds "9"]
[EventCountry "HUN"]
[SourceTitle "CBM 170 Extra"]
[Source "ChessBase"]
[SourceDate "2016.02.25"]
[SourceVersion "1"]
[SourceVersionDate "2016.02.25"]
[SourceQuality "1"]
[WhiteTeam "Aquaprofit II"]
[BlackTeam "Komlo"]
[WhiteTeamCountry "HUN"]
[BlackTeamCountry "HUN"]

1. e4 c5 2. Nf3 Nc6 3. d4 cxd4 4. Nxd4 Nf6 5. Nc3 d6 6. Bg5 e5 7. Bxf6 gxf6 8. Nf5 Bxf5 9. exf5 Nd4 10. g3 Nxf5 11. Bb5+ Ke7 12. Nd5+ Ke6 13. Bc4 Rc8 14. Nb6+ Ke7 15. Nxc8+ Qxc8 16. Qd5 Nh6 17. 0-0-0 Qe6 18. h3 Qxd5 19. Bxd5 b6 20. Rd3 Bg7 21. Ra3 a5 22. Rc3 Kd7 23. g4 Rc8 24. Rxc8 Kxc8 25. Be4 Ng8 26. Bxh7 Ne7 27. c4 Bh6+ 28. Kc2 Kd7 29. Bf5+ Kc6 30. Rd1 Bg5 31. Be4+ Kc5 32. Bd5 Nxd5 33. Rxd5+ Kc6 34. b3 Kd7 35. Kd3 Kc7 36. Ke4 Kc6 37. a3 Kc7 38. b4 axb4 39. axb4 Kc6 40. b5+ Kc7 41. Rd1 1-0

[Event "HUN-chT2 Charousek 1314"]
[Site "Hungary"]
[Date "2014.02.02"]
[Round "6"]
[White "Hajos, Roland"]
[Black "Ladanyi, Zsolt"]
[Result "0-1"]
[WhiteElo "2008"]
[BlackElo "2119"]
[PlyCount "60"]
[EventDate "2013.09.08"]
[EventType "team-tourn"]
[EventRounds "11"]
[EventCountry "HUN"]
[SourceTitle "EXT 2016"]
[Source "ChessBase"]
[SourceDate "2015.10.08"]
[SourceVersion "1"]
[SourceVersionDate "2015.10.08"]
[SourceQuality "1"]
[WhiteTeam "Szombathely Haladas II"]
[BlackTeam "Nagykanizsa II"]
[WhiteTeamCountry "HUN"]
[BlackTeamCountry "HUN"]

1. b3 c5 2. Bb2 e6 3. e3 Nf6 4. Nf3 Be7 5. h3 b6 6. d4 Bb7 7. Bd3 0-0 8. Nbd2 d6 9. Rg1 Nbd7 10. g4 d5 11. c4 cxd4 12. exd4 Rc8 13. Qe2 dxc4 14. bxc4 Qc7 15. Rc1 Rfd8 16. Kf1 Re8 17. Ne4 Nxe4 18. Bxe4 Ba6 19. Bd3 Qf4 20. g5 Bb7 21. Ne5 Nxe5 22. Qxe5 Qd2 23. Bc2 Ba6 24. Rg3 Rxc4 25. Kg1 Rxc2 26. Rxc2 Qxc2 27. d5 Bf8 28. g6 hxg6 29. d6 Qd1+ 30. Kh2 Qxd6 0-1

[Event "HUN-chT2 Charousek 1314"]
[Site "Hungary"]
[Date "2013.09.22"]
[Round "2"]
[White "Ladanyi, Zsolt"]
[Black "Orosz, Andras1111"]
[Result "1/2-1/2"]
[WhiteElo "2119"]
[BlackElo "2166"]
[PlyCount "72"]
[EventDate "2013.09.08"]
[EventType "team-tourn"]
[EventRounds "11"]
[EventCountry "HUN"]
[SourceTitle "EXT 2016"]
[Source "ChessBase"]
[SourceDate "2015.10.08"]
[SourceVersion "1"]
[SourceVersionDate "2015.10.08"]
[SourceQuality "1"]
[WhiteTeam "Nagykanizsa II"]
[BlackTeam "Gyor Elektromos"]
[WhiteTeamCountry "HUN"]
[BlackTeamCountry "HUN"]

1. e4 c5 2. Nf3 d6 3. d4 cxd4 4. Nxd4 Nf6 5. Nc3 a6 6. Be2 e5 7. Nb3 Be7 8. 0-0 b5 9. Be3 Bb7 10. Nd5 Bxd5 11. exd5 Nbd7 12. a4 b4 13. c4 a5 14. f4 0-0 15. fxe5 Nxe5 16. Nd4 Re8 17. Kh1 Ne4 18. Qc2 Nc5 19. Nf5 Rc8 20. Bxc5 Rxc5 21. Bd3 g6 22. Ng3 Rc7 23. Rae1 Bh4 24. Ne4 f5 25. Nf2 Bxf2 26. Rxf2 Rce7 27. Rfe2 Qb6 28. c5 Qb8 29. Bb5 Rd8 30. c6 Qc7 31. h3 Rf8 32. Qd2 Rf6 33. Qd4 Kg7 34. b3 h6 35. Bd3 Kf7 36. Bc2 Kg7 1/2-1/2

[Event "HUN-chT2 Charousek 1213"]
[Site "Hungary"]
[Date "2013.03.03"]
[Round "8"]
[White "Ladanyi, Zsolt"]
[Black "Dudas, Eszter"]
[Result "1/2-1/2"]
[WhiteElo "2120"]
[BlackElo "2253"]
[PlyCount "109"]
[EventDate "2012.09.16"]
[EventType "team-tourn"]
[EventRounds "11"]
[EventCountry "HUN"]
[SourceTitle "EXT 2014"]
[Source "ChessBase"]
[SourceDate "2013.11.20"]
[SourceVersion "1"]
[SourceVersionDate "2013.11.20"]
[SourceQuality "1"]
[WhiteTeam "Aquaprofit II"]
[BlackTeam "Paks II"]
[WhiteTeamCountry "HUN"]
[BlackTeamCountry "HUN"]

1. e4 e6 2. d4 d5 3. Nd2 Be7 4. exd5 Qxd5 5. Ngf3 c5 6. Bc4 Qh5 7. 0-0 Nf6 8. Nb3 cxd4 9. Nfxd4 Qxd1 10. Rxd1 a6 11. a4 e5 12. Ne2 Bf5 13. c3 0-0 14. Ng3 Bc2 15. Rd2 Bg6 16. Bd3 Nc6 17. Bxg6 hxg6 18. Rd1 Rfd8 19. Bg5 Nd5 20. Bxe7 Ncxe7 21. Rd2 b5 22. Rad1 Rdb8 23. Nc5 bxa4 24. Nxa4 Nf6 25. f3 Rb5 26. Rd6 a5 27. Rd8+ Rxd8 28. Rxd8+ Kh7 29. Kf1 Nf5 30. Kf2 Nxg3 31. hxg3 e4 32. Rf8 Rf5 33. Ke2 exf3+ 34. gxf3 Nd7 35. Ra8 Rb5 36. Ra7 Nb6 37. Nxb6 Rxb6 38. Rxa5 Rxb2+ 39. Ke3 Rc2 40. Rc5 f5 41. g4 fxg4 42. fxg4 Kh6 43. c4 g5 44. Rc6+ g6 45. Rc7 Rg2 46. Kf3 Rc2 47. c5 Rc4 48. c6 Rf4+ 49. Kg3 Rc4 50. Rc8 Rc3+ 51. Kf2 Kg7 52. c7 Kh7 53. Ke2 Kg7 54. Kd2 Rc6 55. Kd3 1/2-1/2

[Event "HUN-chT2 Charousek 1213"]
[Site "Hungary"]
[Date "2013.02.17"]
[Round "7"]
[White "Varga, Tibor Jr"]
[Black "Ladanyi, Zsolt"]
[Result "0-1"]
[WhiteElo "2061"]
[BlackElo "2120"]
[PlyCount "58"]
[EventDate "2012.09.16"]
[EventType "team-tourn"]
[EventRounds "11"]
[EventCountry "HUN"]
[SourceTitle "EXT 2014"]
[Source "ChessBase"]
[SourceDate "2013.11.20"]
[SourceVersion "1"]
[SourceVersionDate "2013.11.20"]
[SourceQuality "1"]
[WhiteTeam "Haladas II"]
[BlackTeam "Aquaprofit II"]
[WhiteTeamCountry "HUN"]
[BlackTeamCountry "HUN"]

1. e4 c5 2. Nf3 e6 3. b3 d6 4. Bb2 Nd7 5. d4 cxd4 6. Qxd4 Ngf6 7. c4 Qc7 8. Nc3 a6 9. Rd1 Be7 10. Bd3 0-0 11. 0-0 b6 12. Bb1 Bb7 13. Ba3 Nc5 14. Bb2 Rac8 15. Rfe1 Rfd8 16. Nd2 Bf8 17. Nf1 Bc6 18. Re3 Qb7 19. Rde1 b5 20. cxb5 axb5 21. Rg3 e5 22. Qe3 b4 23. Nd5 Bxd5 24. exd5 Nxd5 25. Qh6 g6 26. Qh4 Nf4 27. Bc1 Nce6 28. Rg4 Rxc1 29. Rxc1 Ne2+ 0-1

[Event "HUN-chT2 Charousek 1213"]
[Site "Hungary"]
[Date "2012.10.07"]
[Round "2"]
[White "Ladanyi, Zsolt"]
[Black "Horvath, Gyula"]
[Result "0-1"]
[WhiteElo "2120"]
[BlackElo "2357"]
[PlyCount "112"]
[EventDate "2012.09.16"]
[EventType "team-tourn"]
[EventRounds "11"]
[EventCountry "HUN"]
[SourceTitle "EXT 2014"]
[Source "ChessBase"]
[SourceDate "2013.11.20"]
[SourceVersion "1"]
[SourceVersionDate "2013.11.20"]
[SourceQuality "1"]
[WhiteTeam "Aquaprofit II"]
[BlackTeam "Csuti"]
[WhiteTeamCountry "HUN"]
[BlackTeamCountry "HUN"]

1. e4 c5 2. Nf3 e6 3. d4 cxd4 4. Nxd4 a6 5. Bd3 Nf6 6. Nc3 d6 7. a4 b6 8. 0-0 Bb7 9. Qe2 Nbd7 10. Nb3 Be7 11. f4 Qc7 12. Bd2 0-0 13. Rae1 e5 14. f5 d5 15. exd5 Nxd5 16. Nxd5 Bxd5 17. Bc3 Bb7 18. Be4 Rfe8 19. Bxb7 Qxb7 20. Qf3 Qxf3 21. Rxf3 f6 22. Re4 Rac8 23. Rd3 Nc5 24. Nxc5 Bxc5+ 25. Kf1 g6 26. g4 g5 27. Ke2 Rc7 28. h4 h6 29. h5 Kf7 30. Rd5 Rec8 31. Bd2 Ke7 32. c3 Rd7 33. Rxd7+ Kxd7 34. Be3 Kd6 35. Rc4 Kd5 36. b3 Rb8 37. Kd3 Bd6 38. b4 b5 39. axb5 axb5 40. Re4 Ra8 41. Bb6 Ra1 42. Re2 Be7 43. Rd2 Kc6 44. Ba5 Rg1 45. Ke3 Rg3+ 46. Kf2 Rxg4 47. Bd8 Rf4+ 48. Ke3 Bxd8 49. Rxd8 Rxf5 50. Rh8 g4 51. Rxh6 Kd5 52. Rh8 Rf3+ 53. Ke2 Ke4 54. h6 Rh3 55. h7 Rh2+ 56. Kf1 f5 0-1

[Event "HUN-chT2 Charousek 1112"]
[Site "Hungary"]
[Date "2012.05.06"]
[Round "10"]
[White "Ladanyi, Zsolt"]
[Black "Joo, Gabor"]
[Result "1-0"]
[WhiteElo "2103"]
[BlackElo "2085"]
[PlyCount "111"]
[EventDate "2011.09.25"]
[EventType "team-tourn"]
[EventRounds "11"]
[EventCountry "HUN"]
[SourceTitle "EXT 2013"]
[Source "ChessBase"]
[SourceDate "2012.11.22"]
[SourceVersion "1"]
[SourceVersionDate "2012.11.22"]
[SourceQuality "1"]
[WhiteTeam "Aquaprofit II"]
[BlackTeam "Haladas II"]
[WhiteTeamCountry "HUN"]
[BlackTeamCountry "HUN"]

1. e4 c5 2. Nf3 d6 3. d4 cxd4 4. Nxd4 Nf6 5. Nc3 a6 6. Be2 e6 7. a4 b6 8. 0-0 Bb7 9. Bd3 Be7 10. f4 Qc7 11. Qe2 Nbd7 12. Nb3 0-0 13. Bd2 Nc5 14. Nxc5 Qxc5+ 15. Be3 Qc7 16. Bd4 e5 17. Be3 exf4 18. Rxf4 Nd7 19. Nd5 Bxd5 20. exd5 Ne5 21. Bd4 a5 22. Raf1 g6 23. Bb5 Rac8 24. c3 f5 25. Re1 Bg5 26. Bxe5 dxe5 27. Rc4 Qe7 28. Qxe5 Rxc4 29. Qxe7 Bxe7 30. Bxc4 Bc5+ 31. Kf1 Kg7 32. Re6 Rf6 33. Rc6 Rxc6 34. dxc6 Bd6 35. h3 Kf6 36. Ke2 Ke5 37. Kf3 g5 38. Bf7 h6 39. Ke3 Bc5+ 40. Kd3 Kd6 41. Be8 Bf2 42. Kc4 Bg3 43. Kb5 Bf2 44. b4 axb4 45. cxb4 Kc7 46. Kc4 Kd6 47. Bd7 Be3 48. Kd3 Bf2 49. b5 f4 50. Ke4 Bc5 51. Kf5 Kc7 52. Kg6 Bf8 53. Bg4 Kd8 54. a5 Kc7 55. a6 Kb8 56. a7+ 1-0

[Event "HUN-chT2 Charousek 1112"]
[Site "Hungary"]
[Date "2012.03.11"]
[Round "7"]
[White "Ladanyi, Zsolt"]
[Black "Schenkerik, Csaba"]
[Result "0-1"]
[WhiteElo "2103"]
[BlackElo "2156"]
[PlyCount "38"]
[EventDate "2011.09.25"]
[EventType "team-tourn"]
[EventRounds "11"]
[EventCountry "HUN"]
[SourceTitle "EXT 2013"]
[Source "ChessBase"]
[SourceDate "2012.11.22"]
[SourceVersion "1"]
[SourceVersionDate "2012.11.22"]
[SourceQuality "1"]
[WhiteTeam "Aquaprofit II"]
[BlackTeam "Budapest MTK"]
[WhiteTeamCountry "HUN"]
[BlackTeamCountry "HUN"]

1. e4 e5 2. Nf3 Nc6 3. d4 exd4 4. Bc4 Bc5 5. Ng5 Nh6 6. Qh5 Qe7 7. 0-0 d6 8. h3 Bd7 9. a3 Ne5 10. Bb3 Bb5 11. Rd1 0-0-0 12. Nd2 Ng8 13. Nxf7 Nf6 14. Qh4 Nxf7 15. Bxf7 Qxf7 16. b4 Bb6 17. a4 Be2 18. Re1 d3 19. Ra3 g5 0-1